Minecraft Guess the Block Quiz #2 - Statistics

General Stats
  • This quiz has been taken 64 times
  • The average score is 3 of 9
Answer Stats
Hint Answer % Correct
This block can be broken quickly with a sword and shears.But only if broken with a tool with Silk Touch or shears will it drop itself. Cobweb
70%
This block is crafted with obsidian.Players can interact with this block and is often important for obtaining something. Enchanting Table
69%
This block is valued by a lot of players, and is crafted from items obtained inlate game. Normally used for storage. Ender Chest
69%
This block has an extremely low chance of being obtained in ominous vaults. Heavy Core
44%
This block can be obtained from suspicious sand by using a brush, though it is a very low chance. This block is not a full block. Sniffer Egg
26%
This block is considered an entity, and is not a full block. Itcan be crafted with items that can be obtained early game. Item Frame
11%
This block can be found naturally and is extremely common.Can also be used as fuel in a furnace. The block is not a full block. Leaf Litter
11%
This block is capable of giving the player a certain potion effect, butunder certain conditions. Conduit
9%
This block is rarely crafted by players, and it cannot spawn naturally.This block is green in color. Block of Dried Kelp
7%
No matching quizzes found
Score Distribution
Percent of People with Each Score
Percentile by Number Answered
Your Score History
You have not taken this quiz